<?xml version="1.0" encoding="UTF-8"?>
<record
    xmlns:xsi="http://www.w3.org/2001/XMLSchema-instance"
    xsi:schemaLocation="http://www.loc.gov/MARC21/slim http://www.loc.gov/standards/marcxml/schema/MARC21slim.xsd"
    xmlns="http://www.loc.gov/MARC21/slim">

  <leader>02442cam a22002655a 4500</leader>
  <controlfield tag="001">14842906</controlfield>
  <controlfield tag="005">20201128021404.0</controlfield>
  <controlfield tag="008">070508s2008    nyua   frb    000 0 eng d</controlfield>
  <datafield tag="020" ind1=" " ind2=" ">
    <subfield code="a">9780415399500 (pbk. : alk. paper)</subfield>
  </datafield>
  <datafield tag="020" ind1=" " ind2=" ">
    <subfield code="a">0415399505 (pbk. : alk. paper)</subfield>
  </datafield>
  <datafield tag="040" ind1=" " ind2=" ">
    <subfield code="a">DLC</subfield>
    <subfield code="b">eng</subfield>
    <subfield code="c">DLC</subfield>
    <subfield code="d">BAKER</subfield>
    <subfield code="d">BTCTA</subfield>
    <subfield code="d">C#P</subfield>
    <subfield code="d">YDXCP</subfield>
    <subfield code="d">BWX</subfield>
    <subfield code="d">PMC</subfield>
    <subfield code="d">DLC</subfield>
    <subfield code="d">EG-ScBUE </subfield>
    <subfield code="d">EG-ScBUE </subfield>
  </datafield>
  <datafield tag="082" ind1="0" ind2="4">
    <subfield code="a">658.049</subfield>
    <subfield code="b">COM</subfield>
    <subfield code="2">22</subfield>
  </datafield>
  <datafield tag="245" ind1="0" ind2="0">
    <subfield code="a">Competing in emerging markets :</subfield>
    <subfield code="b">cases and readings /</subfield>
    <subfield code="c">edited by Hemant Merchant.</subfield>
  </datafield>
  <datafield tag="260" ind1=" " ind2=" ">
    <subfield code="a">New York ;</subfield>
    <subfield code="a">Abingdon :</subfield>
    <subfield code="b">Routledge / Taylor &amp; Francis Group,</subfield>
    <subfield code="c">2008.</subfield>
  </datafield>
  <datafield tag="300" ind1=" " ind2=" ">
    <subfield code="a">xxiii, 251 p. :</subfield>
    <subfield code="b">ill. ;</subfield>
    <subfield code="c">25 cm.</subfield>
  </datafield>
  <datafield tag="504" ind1=" " ind2=" ">
    <subfield code="a">Includes bibliographical references.</subfield>
  </datafield>
  <datafield tag="505" ind1="0" ind2=" ">
    <subfield code="a">Dell's dilemma in Brazil : negotiating at the state level / Roy Nelson -- Kmart de Mexico S.A. de C.V. (abridged) / David Ager, Wendy Evans, and David Conklin -- Unicord PLC : the Bumble Bee acquisition / Hemant Merchant and Nima Narchi -- Nora-sakari : a proposed JV in Malaysia (revised) / R. Azimah Ainuddin and Paul Beamish -- Red star China : discovering the essence of guanxi (a) / Neil Abramson and Hemant Merchant -- Hero Honda Motors (India) Ltd. : is it Honda that made it a hero? / Kannan Ramaswamy and Rahul Sankhe -- Strategic crossroads at Matav : Hungary's telecommunications powerhouse / Jordan Mitchell and Paul Rouse -- Managing Pibrex Russia (a) : new crisis, old grievances / Rachel Doern and Carl F. Fey -- Olly Racela in Bangkok / Hemant Merchant -- Distance still matters : the hard reality of global expansion / Pankaj Ghemawat -- Strategy under uncertainty / Hugh Courtney, Jane Kirkland, and Patrick Viguerie -- Harnessing the science of persuasion / Robert B. Cialdini -- Achieving business success in Confucian societies : the importance of guanxi (connections) / Irene Y.M. Yeung and Rosalie L. Tung -- The role of family conglomerates in emerging markets : what western companies should know / Daekwan Kim, Destan Kandemir, and S. Tamer Cavusgil -- Transferring management knowledge to Russia : a culturally based approach / Ruth C. May, Sheila M. Puffer, and Daniel J. McCarthy.</subfield>
  </datafield>
  <datafield tag="650" ind1=" " ind2="0">
    <subfield code="a">Competition, International</subfield>
    <subfield code="v">Case studies.</subfield>
    <subfield code="2">BUEsh</subfield>
  </datafield>
  <datafield tag="650" ind1=" " ind2="7">
    <subfield code="a">International business enterprises</subfield>
    <subfield code="x">Management.</subfield>
    <subfield code="v">Case studies</subfield>
    <subfield code="2">BUEsh</subfield>
    <subfield code="9">2700</subfield>
  </datafield>
  <datafield tag="650" ind1=" " ind2="0">
    <subfield code="a">International trade</subfield>
    <subfield code="v">Case studies.</subfield>
    <subfield code="2">BUEsh</subfield>
    <subfield code="9">23290</subfield>
  </datafield>
  <datafield tag="651" ind1=" " ind2=" ">
    <subfield code="2">BUEsh</subfield>
  </datafield>
  <datafield tag="653" ind1=" " ind2=" ">
    <subfield code="b">BUSADM</subfield>
    <subfield code="c">June2015</subfield>
    <subfield code="c">February2016</subfield>
  </datafield>
  <datafield tag="700" ind1="1" ind2=" ">
    <subfield code="a">Merchant, Hemant,</subfield>
    <subfield code="e">editor.</subfield>
  </datafield>
  <datafield tag="942" ind1=" " ind2=" ">
    <subfield code="2">ddc</subfield>
  </datafield>
  <datafield tag="999" ind1=" " ind2=" ">
    <subfield code="c">20102</subfield>
    <subfield code="d">20074</subfield>
  </datafield>
  <datafield tag="952" ind1=" " ind2=" ">
    <subfield code="0">0</subfield>
    <subfield code="1">0</subfield>
    <subfield code="2">ddc</subfield>
    <subfield code="4">0</subfield>
    <subfield code="7">0</subfield>
    <subfield code="8">Scientific</subfield>
    <subfield code="a">MAIN</subfield>
    <subfield code="b">MAIN</subfield>
    <subfield code="c">1ST</subfield>
    <subfield code="d">2015-07-01</subfield>
    <subfield code="e">Purchase</subfield>
    <subfield code="g">375.00</subfield>
    <subfield code="h">1091</subfield>
    <subfield code="l">2</subfield>
    <subfield code="m">15</subfield>
    <subfield code="o">658.049 COM</subfield>
    <subfield code="p">000039303</subfield>
    <subfield code="r">2025-07-15 00:00:00</subfield>
    <subfield code="s">2023-01-25</subfield>
    <subfield code="v">468.75</subfield>
    <subfield code="y">BB</subfield>
  </datafield>
</record>
